|
|
|
|
| LEADER |
00927nam a2200253ra 4500 |
| 001 |
c000210765 |
| 003 |
CARM |
| 005 |
20021125002200.0 |
| 008 |
870210s1969 rur 00000 rus d |
| 019 |
1 |
|
|a 5232106
|5 LACONCORD2021
|
| 035 |
|
|
|a (OCoLC)7269812
|5 LACONCORD2021
|
| 043 |
|
|
|a e-ur---
|
| 100 |
1 |
|
|a Makarenko, Anton Semenovich,
|d 1888-1939.
|
| 245 |
1 |
0 |
|a Kniga dli︠a︡ roditeleĭ /
|c A.S. Makarenko.
|
| 260 |
|
|
|a Moskva :
|b Prosveshchenie,
|c 1969.
|
| 300 |
|
|
|a 357 p. :
|b ill.
|
| 500 |
|
|
|a With: Lekt︠s︡ii o vospitanii deteĭ.
|
| 650 |
|
0 |
|a Parent and child.
|
| 650 |
|
0 |
|a Child rearing.
|
| 650 |
|
0 |
|a Families
|z Soviet Union.
|
| 740 |
0 |
|
|a Lekt︠s︡ii o vospitanii deteĭ.
|
| 852 |
8 |
|
|b CARM
|h A2:AN17G0
|i C08345
|p 0307378
|f BK
|
| 999 |
f |
f |
|i 0787790a-e9fd-5cad-93c5-fd800d244f36
|s 20426181-05af-501d-9558-6b29711ed7e7
|
| 952 |
f |
f |
|p Can circulate
|a CAVAL
|b CAVAL
|c CAVAL
|d CARM 1 Store
|e C08345
|f A2:AN17G0
|h Other scheme
|i book
|m 0307378
|